Bogotá, historia común: menciones de honor. II Concurso de historias barriales y veredales

Este libro reúne los trabajos que tuvieron mención de honor en el segundo concurso de historias de barrios y veredas de Bogotá organizado por el Departamento Administrativo de Acción Comunal de la Alcaldía Mayor.

Guardat en:
Dades bibliogràfiques
Altres autors: Pineda, Blanca Cecilia
Format: Llibre
Idioma:Spanish
Publicat: Bogotá: Acción Comunal Distrital, 1998
Edició:1
Matèries:
Accés en línia:Enlace del recurso
Etiquetes: Afegir etiqueta
Sense etiquetes, Sigues el primer a etiquetar aquest registre!

MARC

LEADER 00000nam a2200000 a 4500
001 001215
008 030702s1998 ck a fr# o000|0#spa#d
020 |a 958-96619-12 
041 0 |a spa 
043 |a s-ck--- 
082 0 4 |a 301.36  |b B535b 
245 0 0 |a Bogotá, historia común:  |b menciones de honor. II Concurso de historias barriales y veredales   |c Blanca Cecilia Pineda ... [et al.] 
250 |a 1 
260 |a Bogotá:  |b Acción Comunal Distrital,  |c 1998 
300 |a 261 p.:  |b il. 
520 3 |a Este libro reúne los trabajos que tuvieron mención de honor en el segundo concurso de historias de barrios y veredas de Bogotá organizado por el Departamento Administrativo de Acción Comunal de la Alcaldía Mayor. 
650 1 4 |a SOCIOLOGÍA URBANA  |z COLOMBIA 
650 1 4 |a DESARROLLO DE LA COMUNIDAD 
700 1 |a Pineda, Blanca Cecilia 
999 |c 3367  |d 3367 
856 |u https://catalogo.idep.edu.co/cgi-bin/koha/opac-detail.pl?biblionumber=3367  |z Enlace del recurso